00387nam a2200121Ia 4500003000400000005001700004008004100021040001800062041000800080100003700088245010400125260003600229OSt20260226094437.0211028s2019 xx 000 0 und d cAIMIT LIBRARY aeng aKajal, P H; Harinakshi.g1716085 aStudy on the effectiveness of performance appraisal system with reference to Canara Workshops Ltd / aMangalorebRavi Kudtarkarc2019